Exploring marketing research. / (Record no. 898)

MARC details
000 -LEADER
fixed length control field 01391cam a22003254a 4500
001 - CONTROL NUMBER
control field 12684374
003 - CONTROL NUMBER IDENTIFIER
control field OSt
005 - DATE AND TIME OF LATEST TRANSACTION
control field 20210414113940.0
008 - FIXED-LENGTH DATA ELEMENTS--GENERAL INFORMATION
fixed length control field 020213s2003 at a b 001 0 eng
010 ## - LIBRARY OF CONGRESS CONTROL NUMBER
LC control number 2002022369
020 ## - INTERNATIONAL STANDARD BOOK NUMBER
International Standard Book Number 0324181485
035 ## - SYSTEM CONTROL NUMBER
System control number (DLC) 2002022369
035 ## - SYSTEM CONTROL NUMBER
System control number (DLC)290
040 ## - CATALOGING SOURCE
Original cataloging agency DLC
Transcribing agency DLC
Modifying agency DLC
042 ## - AUTHENTICATION CODE
Authentication code pcc
050 00 - LIBRARY OF CONGRESS CALL NUMBER
Classification number HF5415.2.Z54
082 00 - DEWEY DECIMAL CLASSIFICATION NUMBER
Classification number 658.8/3
Edition number 21
100 1# - MAIN ENTRY--PERSONAL NAME
Personal name Zikmund, William G.
245 10 - TITLE STATEMENT
Title Exploring marketing research. /
Statement of responsibility, etc. William G. Zikmund.
250 ## - EDITION STATEMENT
Edition statement 8th ed.
260 ## - PUBLICATION, DISTRIBUTION, ETC.
Place of publication, distribution, etc. Australia ;
-- [Cincinnati, Ohio] :
Name of publisher, distributor, etc. Thomson/South-Western,
Date of publication, distribution, etc. c2003.
300 ## - PHYSICAL DESCRIPTION
Extent xxi, 744 p. :
Other physical details chiefly col. ill. ;
Dimensions 28 cm.
500 ## - GENERAL NOTE
General note Various multi-media instructional materials, including a web site, are available to supplement the text.
504 ## - BIBLIOGRAPHY, ETC. NOTE
Bibliography, etc. note Includes bibliographical references and index.
505 ## - FORMATTED CONTENTS NOTE
Formatted contents note Contents: Introduction -- Beginning stages of the research process -- Research designs for collecting primary data -- Measurement concepts -- Sampling and fieldwork -- Data analysis and presentation -- Comprehensive cases with computerized databases.
650 #0 - SUBJECT ADDED ENTRY--TOPICAL TERM
Topical term or geographic name entry element Marketing research.
906 ## - LOCAL DATA ELEMENT F, LDF (RLIN)
a 7
b cbc
c orignew
d 1
e ocip
f 20
g y-gencatlg
942 ## - ADDED ENTRY ELEMENTS (KOHA)
Source of classification or shelving scheme Library of Congress Classification
Koha item type Books
Holdings
Withdrawn status Lost status Source of classification or shelving scheme Damaged status Not for loan Home library Current library Shelving location Date acquired Total Checkouts Full call number Barcode Date last seen Copy number Price effective from Koha item type
    Library of Congress Classification     WISCONSIN INTERNATIONAL UNIVERSITY COLLEGE, GHANA - MAIN LIBRARY WISCONSIN INTERNATIONAL UNIVERSITY COLLEGE, GHANA - MAIN LIBRARY General Stacks 16/05/2012   HF5415.2.Z54 2171/12 16/05/2012 1 16/05/2012 Books
    Library of Congress Classification     WISCONSIN INTERNATIONAL UNIVERSITY COLLEGE, GHANA - MAIN LIBRARY WISCONSIN INTERNATIONAL UNIVERSITY COLLEGE, GHANA - MAIN LIBRARY General Stacks 16/05/2012   HF5415.2.Z541 2172/12 16/05/2012 2 16/05/2012 Books
    Library of Congress Classification     WISCONSIN INTERNATIONAL UNIVERSITY COLLEGE, GHANA - MAIN LIBRARY WISCONSIN INTERNATIONAL UNIVERSITY COLLEGE, GHANA - MAIN LIBRARY General Stacks 16/05/2012   HF5415.2.Z542 2173/12 16/05/2012 3 16/05/2012 Books

If you have any concerns or questions; kindly contact the library


© Powered by WIUC ICT DIRECTORATE